000 01146cam a2200205 4500
001 ##L132873
008 060316n2006 000 0 eng u
020 _a1857169077
035 _a(Sirsi) u132873
041 0 _aeng
050 0 4 _a639.9 $2 18
110 1 _aEnglish Nature
_93309
245 0 0 _aTarget 2010
_bthe condition of England's Sites of Special Scientific Interest in 2005
260 _aPeterborough
_bEnglish Nature
_c2006
520 _aReviews the current condition of the Sites of Special Scientific Interest (SSSIs) in England and details the progress made towards the government Public Service Agreement 2010 target since September 2003. Summarises the major factors affecting SSSI condition and the key actions that need to be carried out over the next five years if the target is to be achieved.
590 _aIKA280306
690 _aENVIRONMENTAL AND LAND CONSULTANCY-ENVIRONMENTAL MANAGEMENT-ENVIRONMENTAL CONSERVATION
856 4 0 _uhttps://www.english-nature.org.uk/pubs/publication/pub_results.asp?C=0&K=Target+2010&K2=&I=&A=&Submit1=Search
_zView the report free of charge at www.english-nature.org.uk...
942 _n0
999 _c105267
_d105267